| 000 | 00366nam a2200145Ia 4500 | ||
|---|---|---|---|
| 008 | 210719s1968 xx 000 0 und d | ||
| 041 | _aeng | ||
| 082 | _a158.2 REAH | ||
| 100 | _aREADER'S DIGEST | ||
| 245 | _aHow to live with life. | ||
| 260 |
_aHong Kong _breader''s Digest Asia Ltd. _c1968 |
||
| 300 |
_a576 _bHB |
||
| 365 | _cRs | ||
| 650 | _aApplied Psychology | ||
| 999 |
_c213167 _d213167 |
||